[Event "Mittelfranken-chTB2b 1718"]
[Site "Mittelfranken"]
[Date "2018.04.08"]
[Round "7.7"]
[White "Arlt, Birgit"]
[Black "Niebler, Andreas"]
[Result "1/2-1/2"]
[WhiteElo "1631"]
[BlackElo "1804"]
[PlyCount "40"]
[EventDate "2017.10.08"]
[EventType "team-tourn"]
[EventRounds "9"]
[EventCountry "GER"]
[SourceTitle "EXT 2022"]
[Source "ChessBase"]
[SourceDate "2021.10.06"]
[SourceVersion "1"]
[SourceVersionDate "2021.10.06"]
[SourceQuality "1"]
[WhiteTeam "Schwanstetten"]
[BlackTeam "Neumarkt"]
[WhiteTeamCountry "GER"]
[BlackTeamCountry "GER"]

1. e4 g6 2. d4 Bg7 3. Bc4 d6 4. Ne2 c6 5. Bb3 Nf6 6. Ng3 Qc7 7. h3 a6 8. 0-0 Nbd7 9. c3 0-0 10. Be3 b5 11. Nd2 Bb7 12. Rc1 Rac8 13. a4 Qb8 14. axb5 cxb5 15. Qe2 Qa8 16. Bc2 Nb6 17. Bd3 Rfe8 18. f3 Qb8 19. Qf2 Nbd7 20. Nb3 Ba8 1/2-1/2

[Event "Mittelfranken-chTB2b 1718"]
[Site "Mittelfranken"]
[Date "2017.11.19"]
[Round "3.7"]
[White "Stolpynskyy, Mark"]
[Black "Niebler, Andreas"]
[Result "0-1"]
[WhiteElo "1956"]
[BlackElo "1804"]
[PlyCount "156"]
[EventDate "2017.10.08"]
[EventType "team-tourn"]
[EventRounds "9"]
[EventCountry "GER"]
[SourceTitle "EXT 2022"]
[Source "ChessBase"]
[SourceDate "2021.10.06"]
[SourceVersion "1"]
[SourceVersionDate "2021.10.06"]
[SourceQuality "1"]
[WhiteTeam "Nuernberg Sued SW III"]
[BlackTeam "Neumarkt"]
[WhiteTeamCountry "GER"]
[BlackTeamCountry "GER"]

1. d4 d5 2. Nf3 Nf6 3. Bf4 e6 4. e3 a6 5. Bd3 c5 6. c3 Nc6 7. Nbd2 Be7 8. Ne5 Qb6 9. Rb1 Nxe5 10. dxe5 Nd7 11. 0-0 Qc7 12. Nf3 b5 13. Bg3 Bb7 14. Re1 h6 15. e4 Nb6 16. exd5 Bxd5 17. Be4 0-0-0 18. Bxd5 Rxd5 19. Qe2 Rhd8 20. b3 R5d7 21. a4 Qc6 22. axb5 axb5 23. c4 b4 24. Ra1 Kb7 25. h3 Rd3 26. Reb1 R3d7 27. Ra2 Ra8 28. Rba1 Kb8 29. Rxa8+ Nxa8 30. Qa2 Nb6 31. Qa6 Bd8 32. Bf4 Qa8 33. Qxa8+ Nxa8 34. Be3 Bb6 35. Kf1 Rd3 36. Nd2 Nc7 37. Rb1 Na6 38. Ne4 Rd7 39. Ke2 Kc7 40. Ra1 Kb7 41. Nd6+ Ka7 42. f4 f5 43. g4 g6 44. gxf5 gxf5 45. Rg1 Rh7 46. Rg6 Nc7 47. Nb5+ Nxb5 48. cxb5 c4 49. Bxb6+ Kxb6 50. bxc4 Kc5 51. Kd3 Rd7+ 52. Kc2 Kxc4 53. b6 b3+ 54. Kc1 Kc3 55. Rg3+ Kc4 56. Rg8 Rb7 57. Rd8 Rxb6 58. Rd6 Kc5 59. Rd8 Rb4 60. Rd6 Rb6 61. Rd8 b2+ 62. Kb1 h5 63. Rh8 Rb4 64. Rxh5 Rxf4 65. Kxb2 Kd4 66. Kc2 Rf2+ 67. Kd1 Kxe5 68. Ke1 Rh2 69. Kf1 Ke4 70. Kg1 Rd2 71. Rh6 e5 72. Rg6 f4 73. Rg5 f3 74. h4 Kf4 75. Rg8 e4 76. h5 e3 77. Rf8+ Kg3 78. Rg8+ Kh3 0-1

[Event "Mittelfranken-chT2b 1617"]
[Site "Mittelfranken"]
[Date "2017.05.14"]
[Round "9.7"]
[White "Niebler, Andreas"]
[Black "Uestuen, Engin"]
[Result "1-0"]
[WhiteElo "1804"]
[BlackElo "1713"]
[PlyCount "103"]
[EventDate "2016.10.23"]
[EventType "team-tourn"]
[EventRounds "9"]
[EventCountry "GER"]
[SourceTitle "EXT 2022"]
[Source "ChessBase"]
[SourceDate "2021.10.06"]
[SourceVersion "1"]
[SourceVersionDate "2021.10.06"]
[SourceQuality "1"]
[WhiteTeam "Neumarkt"]
[BlackTeam "Forchheim SC III"]
[WhiteTeamCountry "GER"]
[BlackTeamCountry "GER"]

1. d4 Nf6 2. c4 g6 3. Nc3 d5 4. Nf3 Bg7 5. h3 0-0 6. Bf4 c6 7. e3 Nbd7 8. Rc1 Qa5 9. Qd2 Re8 10. Be2 dxc4 11. Bxc4 Nb6 12. Bb3 Qa6 13. Ne5 Rf8 14. Nd3 Nbd5 15. Nc5 Qb6 16. Bh2 Qd8 17. 0-0 Nxc3 18. Qxc3 b6 19. Na4 Bb7 20. Rfd1 Rc8 21. Qd3 Qd7 22. Nc3 Rfd8 23. Qe2 Nd5 24. e4 Nxc3 25. bxc3 Bh6 26. Rb1 Qe8 27. f4 c5 28. d5 Bg7 29. Rbc1 b5 30. Rf1 c4 31. Bd1 e6 32. d6 Rxd6 33. f5 e5 34. fxg6 hxg6 35. Qg4 Bh6 36. Rc2 Rcd8 37. Bf3 Rd2 38. Rxd2 Rxd2 39. Bg3 Be3+ 40. Kh2 Rxa2 41. Qh4 g5 42. Qh5 Bf4 43. h4 Bxg3+ 44. Kxg3 gxh4+ 45. Qxh4 Qf8 46. Rd1 Qg7+ 47. Bg4 Qh7 48. Rd8+ Kg7 49. Qg5+ Qg6 50. Qxe5+ f6 51. Qc7+ Kh6 52. Rh8+ 1-0

[Event "Mittelfranken-chTB2b 1516"]
[Site "Mittelfranken"]
[Date "2016.02.14"]
[Round "6.8"]
[White "Niebler, Andreas"]
[Black "Hueppe, Michael"]
[Result "1-0"]
[WhiteElo "1780"]
[BlackElo "1590"]
[PlyCount "147"]
[EventDate "2015.10.18"]
[EventType "team-tourn"]
[EventRounds "9"]
[EventCountry "GER"]
[SourceTitle "EXT 2020"]
[Source "ChessBase"]
[SourceDate "2019.10.17"]
[SourceVersion "1"]
[SourceVersionDate "2019.10.17"]
[SourceQuality "1"]
[WhiteTeam "Neumarkt"]
[BlackTeam "Erlangen SC III"]
[WhiteTeamCountry "GER"]
[BlackTeamCountry "GER"]

1. d4 d5 2. c4 c6 3. Nc3 Nf6 4. Nf3 e6 5. e3 Nbd7 6. Bd3 dxc4 7. Bxc4 b5 8. Bd3 b4 9. Ne4 Bb7 10. Nxf6+ Nxf6 11. e4 Be7 12. 0-0 0-0 13. Qe2 c5 14. dxc5 Bxc5 15. Bg5 Be7 16. Rfd1 Qb6 17. Ne5 Qc5 18. Bxf6 Bxf6 19. Nd7 Qg5 20. Nxf8 Rxf8 21. Rac1 Be5 22. g3 Qf6 23. Rd2 Bd4 24. Kg2 e5 25. f3 Qe7 26. Bc4 Rc8 27. Rdc2 Rd8 28. Bd5 Bxd5 29. exd5 Qd7 30. Qc4 g6 31. Qxb4 Qxd5 32. Qc4 Qa8 33. Qc6 Qb8 34. b3 Rd6 35. Qc8+ Qxc8 36. Rxc8+ Kg7 37. R1c2 Bb6 38. h4 h5 39. R8c4 Rd1 40. Re2 Rg1+ 41. Kh2 Rd1 42. Rce4 Bg1+ 43. Kg2 Bd4 44. Re1 Rd3 45. R4e2 a5 46. Rb1 Bc3 47. Rc2 Bb4 48. Rbc1 f5 49. Rc7+ Kh6 50. R1c2 e4 51. fxe4 fxe4 52. R7c4 e3 53. Re2 Bd2 54. Kf3 Rd6 55. Rc5 Re6 56. Rd5 Kg7 57. Rd4 Kf7 58. Rd5 Ke7 59. Rdxd2 exd2 60. Rxe6+ Kxe6 61. Ke2 Kf5 62. a3 Kg4 63. b4 axb4 64. axb4 Kxg3 65. b5 Kxh4 66. b6 g5 67. b7 g4 68. b8Q d1Q+ 69. Kxd1 g3 70. Ke2 Kh3 71. Kf3 h4 72. Qc8+ Kh2 73. Qc2+ g2 74. Qxg2# 1-0

[Event "Mittelfranken-chTB2b 1516"]
[Site "Mittelfranken"]
[Date "2015.11.08"]
[Round "2.7"]
[White "Gets, Alexej"]
[Black "Niebler, Andreas"]
[Result "1/2-1/2"]
[WhiteElo "1706"]
[BlackElo "1780"]
[PlyCount "41"]
[EventDate "2015.10.18"]
[EventType "team-tourn"]
[EventRounds "9"]
[EventCountry "GER"]
[SourceTitle "EXT 2020"]
[Source "ChessBase"]
[SourceDate "2019.10.17"]
[SourceVersion "1"]
[SourceVersionDate "2019.10.17"]
[SourceQuality "1"]
[WhiteTeam "Nuernberg NT IV"]
[BlackTeam "Neumarkt"]
[WhiteTeamCountry "GER"]
[BlackTeamCountry "GER"]

1. e4 g6 2. d4 d6 3. Nf3 Bg7 4. Be3 Nf6 5. Nbd2 c6 6. h3 Qc7 7. c4 Nbd7 8. Bd3 0-0 9. 0-0 Re8 10. Rc1 e5 11. dxe5 Nxe5 12. Nxe5 dxe5 13. c5 Be6 14. Qa4 Rec8 15. Bc4 Bxc4 16. Qxc4 b5 17. cxb6 axb6 18. Nf3 b5 19. Qc2 Rxa2 20. Rfd1 Raa8 21. b4 1/2-1/2

[Event "Mittelfranken-chTB2b 1314"]
[Site "Mittelfranken"]
[Date "2013.12.01"]
[Round "3.7"]
[White "Niebler, Andreas"]
[Black "Gueldner, Udo"]
[Result "1/2-1/2"]
[WhiteElo "1780"]
[BlackElo "1791"]
[PlyCount "50"]
[EventDate "2013.10.20"]
[EventType "team-tourn"]
[EventRounds "9"]
[EventCountry "GER"]
[SourceTitle "EXT 2020"]
[Source "ChessBase"]
[SourceDate "2019.10.17"]
[SourceVersion "1"]
[SourceVersionDate "2019.10.17"]
[SourceQuality "1"]
[WhiteTeam "Neumarkt"]
[BlackTeam "Forchheim III"]
[WhiteTeamCountry "GER"]
[BlackTeamCountry "GER"]

1. d4 d5 2. c4 e6 3. Nf3 Nf6 4. Nc3 c6 5. e3 Bd6 6. Bd3 Nbd7 7. e4 dxe4 8. Nxe4 Nxe4 9. Bxe4 Nf6 10. Bc2 Qa5+ 11. Bd2 Bb4 12. 0-0 Bxd2 13. Qxd2 Qxd2 14. Nxd2 0-0 15. Rad1 b6 16. Ne4 Nxe4 17. Bxe4 Ba6 18. b3 Rac8 19. f4 g6 20. Kf2 Rfd8 21. Ke3 Kf8 22. Rd2 c5 23. Rfd1 cxd4+ 24. Rxd4 Rxd4 25. Rxd4 Ke7 1/2-1/2

[Event "Mittelfranken-chTB2b 1213"]
[Site "Germany"]
[Date "2013.03.10"]
[Round "9.7"]
[White "Niebler, Andreas"]
[Black "Meyer, Juergen1"]
[Result "1/2-1/2"]
[WhiteElo "1784"]
[BlackElo "1710"]
[PlyCount "68"]
[EventDate "2012.10.07"]
[EventType "team-tourn"]
[EventRounds "9"]
[EventCountry "GER"]
[SourceTitle "EXT 2019"]
[Source "ChessBase"]
[SourceDate "2018.10.10"]
[SourceVersion "1"]
[SourceVersionDate "2018.10.10"]
[SourceQuality "1"]
[WhiteTeam "Neumarkt"]
[BlackTeam "Uttenreuth"]
[WhiteTeamCountry "GER"]
[BlackTeamCountry "GER"]

1. d4 d5 2. c4 e6 3. Nf3 c6 4. Nc3 Bd6 5. e3 f5 6. Be2 Nf6 7. Ne5 0-0 8. 0-0 Nbd7 9. f4 Ne4 10. Nxe4 fxe4 11. Qe1 Nxe5 12. fxe5 Be7 13. c5 Rxf1+ 14. Bxf1 Bd7 15. Bd2 Qf8 16. Be2 Qf5 17. Qg3 Rf8 18. Rf1 Qg5 19. Qxg5 Bxg5 20. b4 Rxf1+ 21. Kxf1 a6 22. Ke1 Kf7 23. Kd1 Ke8 24. Kc2 Kd8 25. a4 Kc7 26. Kd1 Kd8 27. g3 g6 28. Bf1 Bh6 29. h4 g5 30. Bh3 Ke7 31. Bg4 Be8 32. Ke2 Bg6 33. Kf2 Be8 34. Kg2 Bg6 1/2-1/2

[Event "Mittelfranken-chTB2b 1213"]
[Site "Germany"]
[Date "2013.02.11"]
[Round "7.6"]
[White "Ross, Sandra"]
[Black "Niebler, Andreas"]
[Result "1/2-1/2"]
[WhiteElo "1709"]
[BlackElo "1784"]
[PlyCount "133"]
[EventDate "2012.10.07"]
[EventType "team-tourn"]
[EventRounds "9"]
[EventCountry "GER"]
[SourceTitle "EXT 2019"]
[Source "ChessBase"]
[SourceDate "2018.10.10"]
[SourceVersion "1"]
[SourceVersionDate "2018.10.10"]
[SourceQuality "1"]
[WhiteTeam "Buechenbach/Roth II"]
[BlackTeam "Neumarkt"]
[WhiteTeamCountry "GER"]
[BlackTeamCountry "GER"]

1. e4 g6 2. Nc3 Bg7 3. Nf3 d6 4. d3 c6 5. a4 Nf6 6. g3 Qc7 7. Bg2 Nbd7 8. 0-0 0-0 9. h3 Re8 10. d4 e5 11. dxe5 dxe5 12. Be3 Nf8 13. Qe2 b6 14. Rfd1 Be6 15. Ng5 Rad8 16. Nxe6 Nxe6 17. Qc4 Qc8 18. Bf1 Nd4 19. Ne2 c5 20. Bg2 Qe6 21. Qxe6 Nxe2+ 22. Kf1 Nxg3+ 23. fxg3 fxe6 24. Bg5 h6 25. Bxf6 Bxf6 26. Bf3 Kf7 27. h4 Ke7 28. Be2 Rd4 29. Bf3 Red8 30. c3 Rd2 31. Rab1 g5 32. h5 R2d3 33. Rxd3 Rxd3 34. Ke2 Rd6 35. g4 Kd7 36. Rd1 c4 37. Rxd6+ Kxd6 38. Kd2 Kc5 39. Be2 Be7 40. Kc2 a6 41. Bf1 b5 42. axb5 axb5 43. b4+ cxb3+ 44. Kxb3 Bd8 45. Kc2 b4 46. cxb4+ Kd4 47. Bd3 Ke3 48. Bc4 Kxe4 49. Kd2 Kf3 50. Be2+ Kf2 51. Bd3 Kf3 52. Be2+ Kf2 53. Bd3 Bb6 54. Kd1 Ke3 55. Be2 Kf2 56. Bd3 Ba7 57. Bc4 e4 58. Bxe6 e3 59. Bc4 Bd4 60. Bb5 Bc3 61. Bc4 Bxb4 62. Bb5 Kf3 63. Be2+ Kg3 64. Kc2 Kf2 65. Kd3 Ba5 66. Bd1 Bb6 67. Be2 1/2-1/2

[Event "Mittelfranken-chTB2b 1112"]
[Site "Germany"]
[Date "2012.03.11"]
[Round "8.7"]
[White "Niebler, Andreas"]
[Black "Wirth, Karl Heinz"]
[Result "1/2-1/2"]
[WhiteElo "1784"]
[BlackElo "1868"]
[PlyCount "35"]
[EventDate "2011.09.25"]
[EventType "team-tourn"]
[EventRounds "9"]
[EventCountry "GER"]
[SourceTitle "EXT 2018"]
[Source "ChessBase"]
[SourceDate "2017.10.13"]
[SourceVersion "1"]
[SourceVersionDate "2017.10.13"]
[SourceQuality "1"]
[WhiteTeam "Neumarkt"]
[BlackTeam "Muehlhof/Schwabach"]
[WhiteTeamCountry "GER"]
[BlackTeamCountry "GER"]

1. d4 Nf6 2. c4 e5 3. dxe5 Ng4 4. Bf4 Bb4+ 5. Nd2 Nc6 6. Ngf3 Qe7 7. a3 Ngxe5 8. Nxe5 Nxe5 9. e3 Bxd2+ 10. Qxd2 d6 11. Be2 0-0 12. 0-0 b6 13. Rac1 Bb7 14. Rfd1 Rad8 15. Qc3 f5 16. c5 Ng6 17. cxd6 cxd6 18. Qd4 1/2-1/2

[Event "Mittelfranken-chTB2b 1112"]
[Site "Germany"]
[Date "2012.02.05"]
[Round "6.6"]
[White "Ruderer, Thomas"]
[Black "Niebler, Andreas"]
[Result "1/2-1/2"]
[WhiteElo "1767"]
[BlackElo "1785"]
[PlyCount "23"]
[EventDate "2011.09.25"]
[EventType "team-tourn"]
[EventRounds "9"]
[EventCountry "GER"]
[SourceTitle "EXT 2013"]
[Source "ChessBase"]
[SourceDate "2012.11.22"]
[SourceVersion "1"]
[SourceVersionDate "2012.11.22"]
[SourceQuality "1"]
[WhiteTeam "Heideck/Hilpoltstein"]
[BlackTeam "Neumarkt"]
[WhiteTeamCountry "GER"]
[BlackTeamCountry "GER"]

1. e4 g6 2. d4 d6 3. c3 Bg7 4. Bd3 Nf6 5. Nf3 0-0 6. 0-0 c6 7. Bg5 Nbd7 8. Nbd2 Qc7 9. Qc2 e5 10. Rad1 Re8 11. Bxf6 Bxf6 12. h3 1/2-1/2

[Event "Mittelfranken-chTB2b 1011"]
[Site "Germany"]
[Date "2011.03.13"]
[Round "7.6"]
[White "Strnad, Alfred"]
[Black "Niebler, Andreas"]
[Result "1/2-1/2"]
[WhiteElo "1915"]
[BlackElo "1771"]
[PlyCount "25"]
[EventDate "2010.09.26"]
[EventType "team-tourn"]
[EventRounds "9"]
[EventCountry "GER"]
[SourceTitle "EXT 2012"]
[Source "ChessBase"]
[SourceDate "2011.11.24"]
[SourceVersion "1"]
[SourceVersionDate "2011.11.24"]
[SourceQuality "1"]
[WhiteTeam "Heideck/Hilpoltstein"]
[BlackTeam "Neumarkt"]
[WhiteTeamCountry "GER"]
[BlackTeamCountry "GER"]

1. e4 e6 2. d4 d5 3. e5 c5 4. c3 Nc6 5. Nf3 Qb6 6. Be2 cxd4 7. cxd4 Nge7 8. Na3 Bd7 9. 0-0 Nf5 10. Nc2 Nb4 11. Nxb4 Bxb4 12. g4 Nh6 13. h3 1/2-1/2

[Event "Mittelfranken-chTB2b 1011"]
[Site "Germany"]
[Date "2010.10.17"]
[Round "2.8"]
[White "Freydman, Semen"]
[Black "Niebler, Andreas"]
[Result "0-1"]
[WhiteElo "1623"]
[BlackElo "1771"]
[PlyCount "108"]
[EventDate "2010.09.26"]
[EventType "team-tourn"]
[EventRounds "9"]
[EventCountry "GER"]
[SourceTitle "EXT 2012"]
[Source "ChessBase"]
[SourceDate "2011.11.24"]
[SourceVersion "1"]
[SourceVersionDate "2011.11.24"]
[SourceQuality "1"]
[WhiteTeam "Erlangen Siemens"]
[BlackTeam "Neumarkt"]
[WhiteTeamCountry "GER"]
[BlackTeamCountry "GER"]

1. e4 e6 2. Nf3 d5 3. exd5 exd5 4. d4 Nf6 5. Be2 Bd6 6. 0-0 0-0 7. Nc3 c6 8. Bg5 Re8 9. Qd2 h6 10. Bh4 Bf5 11. Rfe1 Nbd7 12. a3 Qc7 13. Bg3 Ne4 14. Bxd6 Qxd6 15. Qd1 Re7 16. Nxe4 Bxe4 17. Nd2 Rae8 18. Bd3 Nf6 19. Bxe4 Nxe4 20. f3 Nf6 21. Rxe7 Qxe7 22. Nb3 b6 23. Qd2 Qe2 24. Rd1 Nh5 25. Qxe2 Rxe2 26. Rd2 Re6 27. g3 g5 28. Kf2 Kf8 29. Nc1 Ke7 30. Re2 Ng7 31. Nd3 f6 32. c3 Kd6 33. f4 g4 34. Rxe6+ Kxe6 35. Ke2 Kd6 36. Nf2 h5 37. Kd3 c5 38. b3 Ke6 39. Nd1 Nf5 40. Ne3 Nxe3 41. Kxe3 Kd6 42. f5 b5 43. Kd3 c4+ 44. Kc2 Kc6 45. b4 Kd7 46. Kd2 Ke7 47. Ke3 Kf7 48. Ke2 Kg7 49. Ke3 Kh7 50. Ke2 Kh6 51. Ke3 Kg5 52. Ke2 Kxf5 53. Kf2 Ke4 54. Ke2 f5 0-1

[Event "Mittelfranken-chTB2b 0910"]
[Site "Mittelfranken"]
[Date "2010.03.14"]
[Round "8.7"]
[White "Link, Andreas"]
[Black "Niebler, Andreas"]
[Result "1-0"]
[WhiteElo "1967"]
[BlackElo "1793"]
[PlyCount "105"]
[EventDate "2009.10.11"]
[EventType "team-tourn"]
[EventRounds "9"]
[EventCountry "GER"]
[SourceTitle "EXT 2011"]
[Source "ChessBase"]
[SourceDate "2010.11.26"]
[SourceVersion "1"]
[SourceVersionDate "2010.11.26"]
[SourceQuality "1"]
[WhiteTeam "Nuernberg Zabo"]
[BlackTeam "Neumarkt"]
[WhiteTeamCountry "GER"]
[BlackTeamCountry "GER"]

1. c4 Nf6 2. Nc3 g6 3. g3 Bg7 4. Bg2 c6 5. Nf3 0-0 6. 0-0 d6 7. d4 Nbd7 8. h3 Qc7 9. Bg5 e5 10. d5 c5 11. e4 Re8 12. Qd2 a6 13. Nh4 Nf8 14. f4 N6d7 15. f5 f6 16. Be3 g5 17. Nf3 h6 18. g4 Nh7 19. h4 Rb8 20. a4 Ndf8 21. Kf2 Bd7 22. hxg5 hxg5 23. Rh1 b5 24. axb5 axb5 25. cxb5 Bxb5 26. Bf1 Bxf1 27. Raxf1 Rb4 28. Qc2 Reb8 29. Bc1 Qa7 30. Kg3 R8b7 31. Rh3 Qb8 32. Rfh1 Rxb2 33. Bxb2 Rxb2 34. Qd3 c4 35. Qxc4 Qb6 36. R3h2 Rb4 37. Qd3 Qc5 38. Rb1 Rc4 39. Rb3 Nd7 40. Ra2 Nhf8 41. Na4 Rxa4 42. Rxa4 Qc1 43. Qe3 Qc2 44. Ne1 Qd1 45. Rc4 Nc5 46. Rb6 Nfd7 47. Rxd6 Bf8 48. Re6 Nb3 49. Nf3 Nd4 50. Rxd4 exd4 51. Qxd4 Qb3 52. Rxf6 Nxf6 53. Qxf6 1-0

[Event "Mittelfranken-chTB2b 0910"]
[Site "Mittelfranken"]
[Date "2009.11.22"]
[Round "3.7"]
[White "Niebler, Andreas"]
[Black "Arlt, Birgit"]
[Result "0-1"]
[WhiteElo "1793"]
[BlackElo "1654"]
[PlyCount "88"]
[EventDate "2009.10.11"]
[EventType "team-tourn"]
[EventRounds "9"]
[EventCountry "GER"]
[SourceTitle "EXT 2011"]
[Source "ChessBase"]
[SourceDate "2010.11.26"]
[SourceVersion "1"]
[SourceVersionDate "2010.11.26"]
[SourceQuality "1"]
[WhiteTeam "Neumarkt"]
[BlackTeam "Schwanstetten"]
[WhiteTeamCountry "GER"]
[BlackTeamCountry "GER"]

1. d4 d5 2. c4 e6 3. Nf3 b6 4. Nc3 Bb7 5. e3 Nf6 6. Bd3 Bd6 7. 0-0 0-0 8. b3 Nbd7 9. Bb2 c5 10. Rc1 Qb8 11. h3 Ne4 12. Nb5 Be7 13. dxc5 Ndxc5 14. cxd5 Bxd5 15. Be2 Rd8 16. Qc2 Qb7 17. Rfd1 Rac8 18. Qb1 a6 19. Nbd4 f6 20. Bc4 Bxc4 21. Rxc4 b5 22. Rcc1 e5 23. Ne2 b4 24. Rxd8+ Rxd8 25. Rd1 a5 26. Rxd8+ Bxd8 27. Qc2 Qd7 28. Ne1 Bb6 29. Bc1 Kf8 30. f3 Ng5 31. Qd2 Qc6 32. Kh2 Nge6 33. Qc2 g6 34. Qc4 Qd6 35. Qc2 e4+ 36. f4 Ke7 37. Qd2 Nd3 38. Nxd3 exd3 39. Ng3 Nc5 40. Nf1 Ne4 41. Qd1 d2 42. Bxd2 Nxd2 43. Nxd2 Bxe3 44. Qe2 Qxd2 0-1

[Event "Mittelfranken-chTB2b 0910"]
[Site "Mittelfranken"]
[Date "2009.10.11"]
[Round "1.6"]
[White "Niebler, Andreas"]
[Black "Kiefer, Johannes"]
[Result "1/2-1/2"]
[WhiteElo "1793"]
[BlackElo "1794"]
[PlyCount "69"]
[EventDate "2009.10.11"]
[EventType "team-tourn"]
[EventRounds "9"]
[EventCountry "GER"]
[SourceTitle "EXT 2011"]
[Source "ChessBase"]
[SourceDate "2010.11.26"]
[SourceVersion "1"]
[SourceVersionDate "2010.11.26"]
[SourceQuality "1"]
[WhiteTeam "Neumarkt"]
[BlackTeam "Heilsbronn"]
[WhiteTeamCountry "GER"]
[BlackTeamCountry "GER"]

1. d4 d5 2. c4 c6 3. Nc3 Nf6 4. e3 e6 5. Nf3 Bd6 6. Bd3 Nbd7 7. 0-0 0-0 8. e4 dxe4 9. Nxe4 Nxe4 10. Bxe4 f5 11. Bc2 h6 12. Bd2 e5 13. dxe5 Nxe5 14. Bc3 Nxf3+ 15. Qxf3 Qc7 16. h3 Be6 17. b3 b5 18. Rfe1 Rae8 19. Bd3 b4 20. Bb2 Bc8 21. Qh5 Rxe1+ 22. Rxe1 Qf7 23. Qxf7+ Kxf7 24. c5 Bxc5 25. Rc1 Bb6 26. Rxc6 Rd8 27. Bc4+ Kf8 28. Be5 Rd1+ 29. Kh2 Bb7 30. Rg6 Bxf2 31. Bd6+ Ke8 32. Bxb4 Bd4 33. Re6+ Kd8 34. Re1 Rxe1 35. Bxe1 1/2-1/2

[Event "Mittelfranken-chTB2b 0809"]
[Site "Mittelfranken"]
[Date "2009.02.08"]
[Round "6.7"]
[White "Alsheimer, Patrick"]
[Black "Niebler, Andreas"]
[Result "0-1"]
[WhiteElo "1612"]
[BlackElo "1800"]
[PlyCount "62"]
[EventDate "2008.10.12"]
[EventType "team"]
[EventRounds "9"]
[EventCountry "GER"]
[SourceTitle "EXT 2011"]
[Source "ChessBase"]
[SourceDate "2010.11.26"]
[SourceVersion "1"]
[SourceVersionDate "2010.11.26"]
[SourceQuality "1"]
[WhiteTeam "Bechhofen II"]
[BlackTeam "Neumarkt"]
[WhiteTeamCountry "GER"]
[BlackTeamCountry "GER"]

1. e4 e6 2. d4 d5 3. exd5 exd5 4. Nf3 Nf6 5. Bg5 Be7 6. Nc3 Bg4 7. Be2 c6 8. h3 Bxf3 9. Bxf3 0-0 10. Qd3 Nbd7 11. 0-0-0 Qc7 12. h4 Rfe8 13. Ne2 Bd6 14. g4 Re6 15. Bd2 Rae8 16. g5 Ne4 17. Be3 Nb6 18. b3 a5 19. h5 g6 20. Bg4 R6e7 21. hxg6 fxg6 22. Rh6 Nd7 23. Rdh1 Nf8 24. Nc3 Nxc3 25. Qxc3 Rxe3 26. fxe3 Rxe3 27. Qa1 Ba3+ 28. Kd1 Qe7 29. Rg1 Bb4 30. Rhh1 Bc3 31. Qc1 Qe4 0-1

[Event "Mittelfranken-chTB2b 0809"]
[Site "Mittelfranken"]
[Date "2009.01.11"]
[Round "4.6"]
[White "Niebler, Andreas"]
[Black "Leis, Stefan"]
[Result "0-1"]
[WhiteElo "1800"]
[BlackElo "1786"]
[PlyCount "60"]
[EventDate "2008.10.12"]
[EventType "team"]
[EventRounds "9"]
[EventCountry "GER"]
[SourceTitle "EXT 2011"]
[Source "ChessBase"]
[SourceDate "2010.11.26"]
[SourceVersion "1"]
[SourceVersionDate "2010.11.26"]
[SourceQuality "1"]
[WhiteTeam "Neumarkt"]
[BlackTeam "Muehlhof/Schwabach"]
[WhiteTeamCountry "GER"]
[BlackTeamCountry "GER"]

1. d4 Nf6 2. c4 c5 3. e3 cxd4 4. exd4 d5 5. Nc3 g6 6. Nf3 Bg7 7. h3 0-0 8. Be3 b6 9. Be2 Bb7 10. Rc1 Na6 11. 0-0 dxc4 12. Bxc4 Rc8 13. Be2 Nc7 14. Qd2 Ncd5 15. Bg5 Nxc3 16. bxc3 Ne4 17. Qe3 Nxg5 18. Qxg5 Qd5 19. Qd2 Qa5 20. Rfd1 Rfd8 21. c4 Qxd2 22. Rxd2 Bh6 23. Rcd1 Bxd2 24. Rxd2 Ba6 25. Rc2 Rc7 26. a4 Bb7 27. Rd2 f6 28. d5 e6 29. Nd4 Re7 30. Nb5 exd5 0-1